Daniel célèbres - Statistiques

Statistiques générales
  • Ce quiz a été pris 47 fois
  • Le résultat moyen est 7 sur 13
Statistiques - réponses
Indice Réponse % Correct
Chanteur français, interprète de l'Aziza et de Vivre ou survivre Daniel Balavoine
96%
Acteur français qui a joué notamment dans Manon des sourceset 36 Quai des Orfèvres Daniel Auteuil
87%
Acteur américain, un des James Bond les plus emblématiques Daniel Craig
87%
L'inoubliable Harry Potter Daniel Radcliffe
73%
Homme politique franco-allemand, très actif durant mai 1968 Daniel Cohn-Bendit
60%
Chanteur français, interprète de Le Gitan et La Tendresse Daniel Guichard
58%
Auteur de Robinson Crusoé Daniel Defoe
42%
Acteur français, a joué notamment dans Le Dîner de cons et La Vérité si je mens 2 Daniel Prévost
42%
Acteur britannique, ayant joué notamment dans Au nom du pèreet Le Dernier des Mohicans Daniel Day-Lewis
40%
Footballeur français puis consultant sportif Daniel Bravo
33%
Acteur français connu pour ses rôles dans la série Les Saintes chéries et le film La vie est un long fleuve tranquille Daniel Gélin
29%
Créateur de mode français Daniel Hechter
24%
Chanteur, interprète de Ce rêve bleu d'Aladdin Daniel Lévi
22%
Aucun quiz correspondant
Distribution des résultats
% des personnes avec chaque résultat
Percentile par nombre de réponses
Votre historique - résultats
Vous n’avez pas pris ce quiz